000 00902nam a2200313 a 4500
003 AR-BaBNM
005 20251128203754.0
008 082120s2002 ||||||||||||||000 | spa||
040 _cAR-BaBNM
100 1 _aPommerenck, Adela María
245 0 0 _aMetodología del trabajo por equipos
_bde aplicación en los niveles primario y secundario
260 _a[S.l.]
_bCórdoba
_c1968
300 _a201 p.
_bdiagr., il.
500 _aContiene apéndice
504 _aBibliografía: p. 197
650 4 _aTRABAJO EN EQUIPO
650 4 _aMOTIVACION DEL ALUMNO
650 4 _aMETODOS DE ENSEÑANZA
650 4 _aENSEÑANZA EN GRUPO
650 4 _aACTIVIDADES EN GRUPO
650 4 _aROL DEL DOCENTE
650 4 _aACTITUD DEL ALUMNO
650 4 _aACTITUD DEL DOCENTE
650 4 _aEVALUACION
653 _aEDUCACION PRIMARIA
653 _aEDUCACION SECUNDARIA
942 _cBK
998 _csilvi
999 _c4878
_d4878